Business studies skills (Record no. 3187)

MARC details
005 - DATE AND TIME OF LATEST TRANSACTION
control field 20250605084757.0
020 ## - INTERNATIONAL STANDARD BOOK NUMBER
International Standard Book Number 0-7487-0174-5
082 ## - DEWEY DECIMAL CLASSIFICATION NUMBER
Classification number LECT 658 BAR
100 ## - MAIN ENTRY--PERSONAL NAME
Author name BARRETT, R.
245 ## - TITLE STATEMENT
Title Business studies skills
260 ## - PUBLICATION, DISTRIBUTION, ETC.
Place of publication, distribution, etc. Cheltenham,
Name of publisher, distributor, etc. Stanley Thornes (Publishers) Ltd.,
Date of publication, distribution, etc. 1991.
300 ## - PHYSICAL DESCRIPTION
Extent vi, 250p.: ill.; chart, figure, graph, picture & table.
Other physical details Index,
Dimensions 27cm.
942 ## - ADDED ENTRY ELEMENTS (KOHA)
Source of classification or shelving scheme Dewey Decimal Classification
Koha item type Books
Holdings
Date last seen Total checkouts Full call number Barcode Cost, replacement price Price effective from Koha item type Lost status Source of classification or shelving scheme Damaged status Not for loan Withdrawn status Home library Current library Shelving location Date acquired Cost, normal purchase price
06/05/2025   LECT 658 BAR 00000011133 30000.00 06/05/2025 Books   Dewey Decimal Classification       College of Business Education Main Library College of Business Education Main Library General Collection 01/21/2003 10000.00